Statistics for Random Flag to Country

Click here to take the quiz!

General Stats

  • This quiz has been taken 396,631 times
  • The average score is 14 of 20

Answer Stats

Answer% Correct
Canada
94%
Japan
94%
South Korea
94%
United States
94%
Brazil
93%
China
93%
France
93%
Germany
93%
Greece
93%
India
93%
Spain
93%
Sweden
93%
United Kingdom
93%
Australia
92%
Finland
92%
Ireland
92%
Israel
92%
Italy
92%
Mexico
92%
Norway
92%
Switzerland
92%
Ukraine
92%
Argentina
91%
Russia
91%
South Africa
91%
Turkey
91%
Belgium
90%
Jamaica
90%
New Zealand
90%
Poland
90%
Portugal
90%
Denmark
89%
Netherlands
89%
Saudi Arabia
89%
Albania
88%
Cyprus
88%
Iceland
88%
Croatia
87%
Iran
87%
Nepal
87%
North Korea
87%
Pakistan
87%
Egypt
86%
Georgia
86%
Kenya
86%
Nigeria
86%
Qatar
86%
Vietnam
86%
Chile
85%
Lebanon
85%
Uruguay
85%
Vatican City
85%
Estonia
84%
Morocco
84%
North Macedonia
84%
Romania
84%
Austria
83%
Bangladesh
82%
Colombia
82%
Czechia
82%
Malaysia
82%
Serbia
82%
Slovakia
82%
Sri Lanka
82%
Thailand
82%
Bhutan
81%
Cuba
81%
Indonesia
81%
Iraq
81%
Ivory Coast
81%
Kazakhstan
81%
Panama
81%
Cambodia
80%
Hungary
80%
Kosovo
80%
Slovenia
80%
Venezuela
80%
Bosnia and Herzegovina
79%
Luxembourg
79%
Malta
79%
Philippines
79%
Algeria
78%
Taiwan
78%
Tunisia
78%
Bulgaria
77%
Latvia
77%
Singapore
77%
Syria
77%
Barbados
76%
San Marino
76%
Somalia
76%
Uganda
75%
Ghana
74%
Monaco
74%
Angola
73%
Belarus
73%
Ecuador
73%
Afghanistan
72%
Azerbaijan
72%
Bahrain
72%
Laos
72%
Peru
72%
Seychelles
72%
United Arab Emirates
72%
Honduras
71%
Liechtenstein
71%
Moldova
71%
Andorra
70%
Armenia
70%
Fiji
70%
Liberia
70%
Mongolia
70%
Montenegro
70%
Dominican Republic
69%
Uzbekistan
69%
Cameroon
68%
Ethiopia
68%
Lithuania
68%
Trinidad and Tobago
68%
Turkmenistan
68%
Chad
67%
Costa Rica
67%
D.R. Congo
67%
Senegal
67%
Jordan
66%
Kyrgyzstan
66%
Bahamas
65%
Guatemala
65%
Kuwait
65%
Niger
65%
Papua NewGuinea
65%
Tanzania
65%
Brunei
64%
Haiti
64%
Libya
64%
Yemen
64%
Botswana
63%
El Salvador
63%
Eswatini
63%
Nicaragua
63%
Palau
63%
St Lucia
63%
Mozambique
62%
Paraguay
62%
Zimbabwe
62%
Maldives
61%
Myanmar
61%
Kiribati
60%
Madagascar
60%
Tonga
60%
Zambia
60%
Antigua and Barbuda
59%
Lesotho
59%
Oman
59%
Tajikistan
58%
Central African Republic
57%
Dominica
57%
F.S. Micronesia
57%
Mauritania
57%
Samoa
57%
Sudan
57%
Tuvalu
57%
Belize
56%
Burkina Faso
56%
Burundi
56%
Eritrea
56%
Malawi
56%
East Timor
55%
Gabon
55%
Mali
55%
Marshall Islands
55%
Nauru
55%
South Sudan
55%
Suriname
55%
Cape Verde
54%
St Vincent and the Grenadines
54%
Comoros
53%
Djibouti
53%
Grenada
53%
Togo
53%
Benin
52%
Guyana
52%
Sierra Leone
51%
Namibia
50%
Guinea
49%
Rep. of the Congo
49%
Rwanda
49%
Mauritius
48%
Vanuatu
48%
Equatorial Guinea
47%
Gambia
47%
Sao Tome and Principe
47%
Bolivia
45%
Solomon Islands
45%
St Kitts and Nevis
45%
Guinea-Bissau
44%

Score Distribution

Percentile by Number Answered

Percent of People with Each Score

Your Score History

You have not taken this quiz